Paesi di oggi del Sacro Romano Impero - Quiz con mappa - Statistics

Statistiche generali
  • Questo quiz è stato fatto 6.402 volte
  • Il punteggio medio è 15 su 16
Risposte nella Mappa
Le risposte nella mappa del quiz sottostante sono codificate secondo una scala di colori dal rosso al verde in base alla % di persone che hanno risposto correttamente.
 
Statistiche sulle risposte
Country % Corretto
Francia
99%
Germania
99%
Italia
99%
Austria
98%
Svizzera
98%
Belgio
97%
Paesi Bassi
97%
Lussemburgo
95%
Polonia
95%
Slovenia
95%
Croazia
94%
San Marino
93%
Città del Vaticano
92%
Monaco
92%
Repubblica Ceca
91%
Liechtenstein
87%
Nessun quiz corrispondente trovato
Distribuzione punteggi
Percentuale di utenti per punteggio
Percentile per numero di risposta
I tuoi punteggi nel tempo
Non hai fatto questo quiz